Catálogo

Acumulación de capital e industrialización compleja en México / (Registro nro. 66427)

Detalles MARC
000 -LEADER
fixed length control field 00814nam a2200265 u 4500
001 - CONTROL NUMBER
control field 66427
005 - DATE AND TIME OF LATEST TRANSACTION
control field 20180714074159.0
008 - FIXED-LENGTH DATA ELEMENTS--GENERAL INFORMATION
fixed length control field 161024s1988 mx r 000 0 spa d
020 ## - INTERNATIONAL STANDARD BOOK NUMBER
International Standard Book Number 9682314712
041 ## - LANGUAGE CODE
Language code of text/sound track or separate title spa
082 0# - DEWEY DECIMAL CLASSIFICATION NUMBER
Classification number 338.60972
Item number PER
100 1# - MAIN ENTRY--PERSONAL NAME
Personal name Perzabal, Carlos,
Relator term autor
245 10 - TITLE STATEMENT
Title Acumulación de capital e industrialización compleja en México /
Statement of responsibility, etc. por Carlos Perzabal.
250 ## - EDITION STATEMENT
Edition statement Primera edición
264 #1 - PRODUCTION, PUBLICATION, DISTRIBUTION, MANUFACTURE, AND COPYRIGHT NOTICE
Place of production, publication, distribution, manufacture México :
Name of producer, publisher, distributor, manufacturer Siglo xxi editores,
Date of production, publication, distribution, manufacture, or copyright notice 1988
300 ## - PHYSICAL DESCRIPTION
Extent 168 páginas ;
Dimensions 21 cm.
336 ## - CONTENT TYPE
Content type term texto
Source rdacontent
337 ## - MEDIA TYPE
Media type term sin mediación
Source rdamedia
338 ## - CARRIER TYPE
Carrier type term volumen
Source rdacarrier
490 0# - SERIES STATEMENT
Series statement Economía y demografía
650 #4 - SUBJECT ADDED ENTRY--TOPICAL TERM
Topical term or geographic name entry element Economía
Geographic subdivision México
650 #4 - SUBJECT ADDED ENTRY--TOPICAL TERM
Topical term or geographic name entry element Industria
651 #4 - SUBJECT ADDED ENTRY--GEOGRAPHIC NAME
Geographic name México
General subdivision Condiciones económicas
650 #4 - SUBJECT ADDED ENTRY--TOPICAL TERM
Topical term or geographic name entry element Capitalismo
Existencias
Withdrawn status Lost status Source of classification or shelving scheme Damaged status Not for loan Collection code Home library Current library Shelving location Date acquired Source of acquisition Inventory number Total Checkouts Full call number Barcode Date last seen Price effective from Koha item type
    Dewey Decimal Classification     General Biblioteca Karol Wojtyla Biblioteca Karol Wojtyla Sala general 24/10/2016 Compra 151000000000000000053817   338.60972 PER 1988 96638 05/01/2026 10/11/2016 Libro